Countries with No Independence Day - Statistics

General Stats
  • This quiz has been taken 33 times
  • The average score is 27 of 34
Answer Stats
Hint Answer % Correct
Europe Germany
100%
Europe United Kingdom
100%
Asia Japan
96%
Europe Netherlands
96%
Europe Portugal
96%
Europe Spain
96%
Asia China
93%
Europe France
93%
Europe Luxembourg
93%
Europe Andorra
89%
Europe Denmark
89%
Europe Norway
89%
Europe Russia
89%
Oceania Australia
85%
North America Canada
85%
Europe Hungary
85%
Europe Italy
85%
Oceania New Zealand
85%
Europe Vatican City
85%
Asia Iran
78%
Europe Ireland
78%
Europe Romania
78%
Asia Saudi Arabia
78%
Asia Thailand
78%
Asia Bhutan
74%
Asia Nepal
74%
Africa South Africa
74%
Africa Ethiopia
70%
Europe Monaco
70%
Asia Turkey
67%
Asia Taiwan
59%
Asia Qatar
52%
Africa Somalia
22%
Africa Cameroon
19%
No matching quizzes found
Score Distribution
Percent of People with Each Score
Percentile by Number Answered
Your Score History
You have not taken this quiz